Paris 2024 - Statistics

General Stats
  • This quiz has been taken 35 times
    34 since last reset
  • The average score is 6 of 10
Answer Stats
Question Answer % Correct
How many events will there be? 329
100%
Which of the following sports will be added? Breaking
100%
What is the start date of the Olympics? July 26
100%
In what year was the last Olympics held in Paris? 1924
50%
How many sports will be played at the Olympics? 32
50%
On what day will the Paris 2024 Olympics come to an end? August 11
50%
Where will Beach volleyball be held? Champ de Mars
50%
What other city has hosted the Olympics three times? London
50%
What year did France last host any Olympics? 1992
0%
Which of the following cities will not be used for any events? Montpellier
0%
No matching quizzes found
Score Distribution
Percent of People with Each Score
Percentile by Number Answered
Your Score History
You have not taken this quiz since the last reset